Introduction to abstract algebra. (Record no. 8366)

MARC details
000 -LEADER
fixed length control field 01116cam a2200289 a 4500
001 - CONTROL NUMBER
control field 12160545
003 - CONTROL NUMBER IDENTIFIER
control field OSt
005 - DATE AND TIME OF LATEST TRANSACTION
control field 20240611110058.0
008 - FIXED-LENGTH DATA ELEMENTS--GENERAL INFORMATION
fixed length control field 000831s2001 caua b 001 0 eng
010 ## - LIBRARY OF CONGRESS CONTROL NUMBER
LC control number 00108489
020 ## - INTERNATIONAL STANDARD BOOK NUMBER
International Standard Book Number 0123803926 (acidfree paper)
040 ## - CATALOGING SOURCE
Original cataloging agency DLC
Transcribing agency must
Modifying agency DLC
082 00 - DEWEY DECIMAL CLASSIFICATION NUMBER
Classification number 512/.02
Edition number 21
100 1# - MAIN ENTRY--PERSONAL NAME
Personal name McCoy, Neal Henry,
Dates associated with a name 1905-
9 (RLIN) 17021
245 10 - TITLE STATEMENT
Title Introduction to abstract algebra.
250 ## - EDITION STATEMENT
Edition statement 6th ed. /
Remainder of edition statement Neal H. McCoy, Gerald J. Janusz.
260 ## - PUBLICATION, DISTRIBUTION, ETC. (IMPRINT)
Place of publication, distribution, etc. San Diego :
Name of publisher, distributor, etc. Harcourt/Academic Press,
Date of publication, distribution, etc. c2001.
300 ## - PHYSICAL DESCRIPTION
Extent xiv, 281 p. :
Other physical details ill. ;
Dimensions 24 cm.
504 ## - BIBLIOGRAPHY, ETC. NOTE
Bibliography, etc Includes bibliographical references (p. 277) and index.
650 #0 - SUBJECT ADDED ENTRY--TOPICAL TERM
Topical term or geographic name as entry element Algebra, Abstract.
9 (RLIN) 3637
700 1# - ADDED ENTRY--PERSONAL NAME
Personal name Janusz, Gerald J.
9 (RLIN) 17022
856 42 - ELECTRONIC LOCATION AND ACCESS
Materials specified Publisher description
Uniform Resource Identifier <a href="http://www.loc.gov/catdir/description/els031/00108489.html">http://www.loc.gov/catdir/description/els031/00108489.html</a>
856 41 - ELECTRONIC LOCATION AND ACCESS
Materials specified Table of contents
Uniform Resource Identifier <a href="http://www.loc.gov/catdir/toc/els031/00108489.html">http://www.loc.gov/catdir/toc/els031/00108489.html</a>
906 ## - LOCAL DATA ELEMENT F, LDF (RLIN)
a 7
b cbc
c orignew
d 3
e epcn
f 20
g y-gencatlg
942 ## - ADDED ENTRY ELEMENTS (KOHA)
Source of classification or shelving scheme Dewey Decimal Classification
Koha item type Open Shelf
Holdings
Withdrawn status Lost status Source of classification or shelving scheme Damaged status Not for loan Home library Current library Date acquired Inventory number Total Checkouts Full call number Barcode Date last seen Price effective from Koha item type
    Dewey Decimal Classification     MUST Main Library MUST Main Library 11/06/2024 05/24824   512/.02 2024-20245 11/06/2024 11/06/2024 Open Shelf